| 000 | 00000nam 2200000za 4500 |
| 001 | 9.695812 |
| 003 | CaOODSP |
| 005 | 20210624234739 |
| 007 | cr ||||||||||| |
| 008 | 150407|1990||||xxc|||||o f|0| 0 eng d |
| 040 | |aCaOODSP|beng |
| 043 | |an-cn--- |
| 086 | 1 |aH42-2/19-1990E-PDF |
| 110 | 1 |aCanada. |bHealth Canada. |
| 245 | 10|aRisk perception and drug safety evaluation |h[electronic resource] / |c[by] Ilan B. Vertinsky and Donald A. Wehrung. |
| 260 | |aOttawa - Ontario : |bHealth Canada |cMarch 1990. |
| 300 | |a39p.|bfig. |
| 500 | |aThe catalogue number (H42-2/19-1990) and ISBN (0-662-57252-1) for the bilingual print edition have been incorrectly copied in this electronic publication. |
| 504 | |aBibliography. |
| 590 | |a12-17-Supp|b2012-04-20 |
| 690 | 07|aHealth hazards|2gcpds |
| 690 | 07|aDrugs|2gcpds |
| 690 | 07|aGovernment policy|2gcpds |
| 690 | 07|aRisk management|2gcpds |
| 720 | 1 |aVertinsky, Ilan B. |
| 720 | 1 |aWehrung, Donald A. |
| 775 | 08|tPerception du risque et évaluation de l'innocuité des médicaments / |w(CaOODSP)9.639906 |
| 856 | 40|ahttp://publications.gc.ca|qPDF|s88 KB|uhttps://publications.gc.ca/collections/Collection/H42-2-19-1990E.pdf |